000 00750nam a2200205 i 4500
001 104368
003 ES-MaACL
005 20230906183601.0
007 t|
008 051128s1971 ve ||||1| spa d
100 1 _aMillares Carlo, Agustín,
_d1893-1980
_981176
245 1 0 _aEstudio bibliográfico de los archivos venezolanos y extranjeros de interés para la historia de Venezuela /
_cAgustín Millares Carlo.
260 _aCaracas (Venezuela) :
_bArchivo General de la Nación,
_c1971.
300 _a367 p. ;
_c23 cm.
710 2 _aArchivo General de la Nación (Venezuela)
_91435
852 _aES-MaACL
_jC-42976
_bR.83193
852 _aES-MaACL
_jE-6860
_bR.91532
852 _aES-MaACL
_jC-43692
_bR.83192
999 _c104368
_d104368